| 000 | 00804nam a22002535a 4500 | ||
|---|---|---|---|
| 008 | 100203t1998 nyua|||frb||| 001 0 eng d | ||
| 020 | _a032101751X | ||
| 020 | _a9780321017512 | ||
| 040 |
_aEG-ScBUE _beng _cEG-ScBUE |
||
| 082 | 0 | 4 |
_221 _a332 _bMIS |
| 100 | 1 | _aMishkin, Frederic S. | |
| 245 | 1 | 0 |
_aStudy guide and workbook to accompany : _bThe Economics of money, money and financial markets / _cFredric S. Mishkin, John McAthur. |
| 250 | _a5th ed. | ||
| 260 |
_a[New York]: _bAddison Wesley, _cc.1998. |
||
| 300 |
_a288 p; _c30 cm. |
||
| 590 | _aMenna elamam | ||
| 650 |
_910890 _aFinance. _2BUEsh |
||
| 650 |
_910891 _aMoney. _2BUEsh |
||
| 650 |
_910892 _aBanks and Banking. _2BUEsh |
||
| 651 | _2BUEsh | ||
| 653 |
_bBUSECO _cAugust2015 |
||
| 700 | 1 | _tMcArthur, John. | |
| 942 |
_2ddc _cBB _k332 MIS |
||
| 999 |
_c13261 _d13261 |
||